| 000 | 00880cab a2200253 4500 | ||
|---|---|---|---|
| 001 | WB3308-03 | ||
| 008 | 090401t1997 xxu||||| |||| 00| 0 eng d | ||
| 035 | _a(Sirsi) u55390 | ||
| 041 | _aeng | ||
| 245 | _aVoucher scheme to boost nursery building | ||
| 260 | _c1997 | ||
| 350 | _a0 | ||
| 490 |
_aRICS Press Release _v(pr13) 15 February 1997 (2) |
||
| 520 | _aThe Building Cost Information Service (BCIS) has found that the cost of building nursery buildings is very low at the moment and advises that this is a good time to take advantage of the voucher scheme offered by the government as an incentive to create nursery places. | ||
| 650 | _aBCIS | ||
| 650 | _aNURSERIES | ||
| 650 | _aNURSERY BUILDINGS | ||
| 650 | _aNURSERY SCHOOLS | ||
| 650 | _aRICS | ||
| 650 | _aVOUCHERS | ||
| 690 | _aBUILT ENVIRONMENT-BUILDING COSTS | ||
| 942 | _n0 | ||
| 948 | _c04/03/1997 | ||
| 999 |
_c33834 _d33834 |
||